Géographie du monde sur une carte par lettre - B - Statistiques

Statistiques générales
  • Ce quiz a été pris 298 fois
  • Le résultat moyen est 17 sur 25
Réponses sur la Carte
Les réponses sont colorées sur une échelle allant du rouge au vert en fonction du pourcentage des utilisateurs qui les ont devinées à leur premier essai. Vous pouvez retrouver ces pourcentages ci-dessous.
 
Statistiques - réponses
Type de quiz Réponse % Correct
Régions Bretagne
96%
Pays Bolivie
94%
Pays Botswana
88%
Étendues d'eau Mer {Baltique}
86%
Pays Burkina-Faso
84%
Villes Bogota
80%
Villes Boston
80%
Archipels Baléares
78%
Pays Bhoutan
78%
Pays Barbade
77%
Villes Berlin
77%
Régions Balkans
76%
Villes Bangkok
74%
Étendues d'eau Détroit de {Béring}
72%
Régions Péninsule de {Basse-Californie}
70%
Cap Cap de {Bonne-Espérance}
68%
Étendues d'eau Lac {Baïkal}
65%
Étendues d'eau Golfe du {Bengale}
64%
Villes Brazzaville
62%
Îles Bornéo
58%
Archipels Bermudes
54%
Fleuve Brahmapoutre
29%
Îles Baffin
26%
Étendues d'eau Mer {Blanche}
26%
Îles Bougainville
14%
Aucun quiz correspondant
Distribution des résultats
% des personnes avec chaque résultat
Percentile par nombre de réponses
Votre historique - résultats
Vous n’avez pas pris ce quiz